LEADER 00986cam0-22003131i-450- 001 990006777190403321 005 20130515113406.0 035 $a000677719 035 $aFED01000677719 035 $a(Aleph)000677719FED01 035 $a000677719 100 $a20010426d1993----km-y0itay50------ba 101 0 $aita 102 $aIT 105 $ay-------001yy 200 1 $a<>fucina di Efesto$ei laureati in ingegneria in Italia$fIsfol$gricerca realizzata da Lea Battistoni 210 $aMilano$cFrancoAngeli$d1993 215 $a192 p.$d22 cm 225 1 $aStrumenti e ricerche$fIsfol$v46 676 $a331.125200945$v20$zita 702 1$aBattistoni,$bLea$f<1944- > 710 02$aIsfol$9$0423065 801 0$aIT$bUNINA$gREICAT$2UNIMARC 901 $aBK 912 $a990006777190403321 952 $aCOLLEZ. 803 (46)$b21076$fFSPBC 959 $aFSPBC 996 $aFucina di Efesto$9635255 997 $aUNINA LEADER 01037nam0 2200289 450 001 000038236 005 20140903141447.0 010 $a0-19-281686-1 100 $a20140903d1985----km-y0itaa50------ba 101 0 $aeng 102 $aGB 200 1 $a<> Shadow-Line$ea Confession$fJoseph Conrad$gedited with an Introduction by Jeremy Hawthorne 210 $aOxford ; New York$cOxford University Press$d1985 215 $aXL, 142 p.$d19 cm 225 2 $a<> World's classics 410 0$12001$a<> World's classics 676 $a823.91$v(22. ed.)$9Narrativa inglese. 1900-1999 700 1$aConrad,$bJoseph$0153570 702 1$aHawthorne,$bJeremy 801 0$aIT$bUniversità della Basilicata - B.I.A.$gREICAT$2unimarc 912 $a000038236 996 $aShadow-line$946001 997 $aUNIBAS BAS $aLETTERE CAT $aEXT016$b01$c20140903$lBAS01$h1414 FMT Z30 -1$lBAS01$LBAS01$mBOOK$1BASA1$APolo Storico-Umanistico$2DSLF$BCollezione DiSLF$3DF/E1332$63146$5F3146$820140903$f04$FPrestabile Didattica